[Event "CZE-ch U14 Girls"]
[Site "Kouty nad Desnou"]
[Date "2015.03.11"]
[Round "6"]
[White "Remesova, Karolina"]
[Black "Postranecka, Zuzana"]
[Result "0-1"]
[WhiteElo "1112"]
[BlackElo "1110"]
[PlyCount "76"]
[EventDate "2015.03.07"]
[EventType "swiss"]
[EventRounds "9"]
[EventCountry "CZE"]
[SourceTitle "EXT 2017"]
[Source "ChessBase"]
[SourceDate "2016.10.25"]
[SourceVersion "1"]
[SourceVersionDate "2016.10.25"]
[SourceQuality "1"]

1. c4 e5 2. Nc3 Nf6 3. g3 Nc6 4. Bg2 d6 5. d3 Be7 6. Bg5 Be6 7. e3 h6 8. Bxf6 Bxf6 9. Nge2 Qd7 10. Nd5 0-0-0 11. Nxf6 gxf6 12. h4 d5 13. Nc3 d4 14. exd4 exd4 15. Ne4 f5 16. Nc5 Qe7 17. Nxe6 Qxe6+ 18. Qe2 Qxe2+ 19. Kxe2 Rhe8+ 20. Kd2 Re5 21. Rhe1 Rde8 22. Bd5 f6 23. Rxe5 Rxe5 24. Re1 Rxe1 25. Kxe1 Nb4 26. Be6+ Kd8 27. Bxf5 c5 28. a3 Nc6 29. Ke2 Kc7 30. f4 a6 31. Kf3 b5 32. b3 Na5 33. b4 Nb3 34. bxc5 bxc4 35. Ke4 c3 36. Kd5 c2 37. Kc4 c1Q+ 38. Kxb3 Qc3+ 0-1

[Event "CZE-ch U14 Girls"]
[Site "Kouty nad Desnou"]
[Date "2015.03.08"]
[Round "2"]
[White "Remesova, Karolina"]
[Black "Korenova, Magdalena"]
[Result "0-1"]
[WhiteElo "1112"]
[BlackElo "1373"]
[PlyCount "90"]
[EventDate "2015.03.07"]
[EventType "swiss"]
[EventRounds "9"]
[EventCountry "CZE"]
[SourceTitle "EXT 2017"]
[Source "ChessBase"]
[SourceDate "2016.10.25"]
[SourceVersion "1"]
[SourceVersionDate "2016.10.25"]
[SourceQuality "1"]

1. c4 e5 2. Nc3 Bb4 3. b3 f5 4. Bb2 Nf6 5. g3 d5 6. e3 c6 7. d4 Ne4 8. Rc1 Qa5 9. Nge2 Qxa2 10. Ba1 dxc4 11. bxc4 Qxc4 12. dxe5 Qc5 13. Qd4 Qxd4 14. exd4 Na6 15. Bg2 Nc7 16. Bxe4 fxe4 17. 0-0 Bf5 18. Rb1 Bxc3 19. Nxc3 0-0-0 20. Rbd1 Ne6 21. d5 cxd5 22. Nxd5 Rd7 23. Ne3 Bh3 24. Rxd7 Kxd7 25. Rd1+ Ke7 26. Nd5+ Kf7 27. Ne3 Ng5 28. Rc1 Rc8 29. Rxc8 Bxc8 30. Nc4 Ke6 31. h4 Nf3+ 32. Kf1 b6 33. Ke2 Ba6 34. Ke3 Bxc4 35. Kxe4 Bd5+ 36. Kf4 Nd2 37. Bc3 Nc4 38. f3 a5 39. g4 b5 40. Kg5 b4 41. Be1 Nxe5 42. f4 Nf3+ 43. Kh5 Nxe1 44. f5+ Kf7 45. g5 Bf3# 0-1